Breaking Bad episodes by Pictures - Statistics

General Stats
  • This quiz has been taken 53 times
  • The average score is 12 of 25
Answer Stats
Picture Answer % Correct
Pilot
94%
Felina
92%
Ozymandias
89%
Fly
83%
Madrigal
72%
Say my Name
67%
Crawl Space
64%
Face Off
64%
Peekaboo
64%
Grilled
61%
Cancer Man
50%
ABQ
42%
Fifty-One
39%
Caballo sin Nombre
36%
Confessions
36%
Shotgun
36%
Cornered
33%
Down
33%
Full Measure
33%
Sunset
33%
Gliding Over All
31%
Seven Thirty-Seven
28%
Crazy Handful of Nothin
22%
Abiquiu
14%
Thirty-Eight Snub
11%
No matching quizzes found
Score Distribution
Percent of People with Each Score
Percentile by Number Answered
Your Score History
You have not taken this quiz